Library Logo

A Short History of Ireland / [electronic resource] (Record no. 236692)

000 -LEADER
fixed length control field 02083nam a22003258a 4500
001 - CONTROL NUMBER
control field CR9780511920745
003 - CONTROL NUMBER IDENTIFIER
control field UkCbUP
005 - DATE AND TIME OF LATEST TRANSACTION
control field 20180107143415.0
006 - FIXED-LENGTH DATA ELEMENTS--ADDITIONAL MATERIAL CHARACTERISTICS
fixed length control field m|||||o||d||||||||
007 - PHYSICAL DESCRIPTION FIXED FIELD--GENERAL INFORMATION
fixed length control field cr||||||||||||
008 - FIXED-LENGTH DATA ELEMENTS--GENERAL INFORMATION
fixed length control field 100922s2012||||enk s ||1 0|eng|d
020 ## - INTERNATIONAL STANDARD BOOK NUMBER
International Standard Book Number 9780511920745 (ebook)
020 ## - INTERNATIONAL STANDARD BOOK NUMBER
Canceled/invalid ISBN 9781107009233 (hardback)
020 ## - INTERNATIONAL STANDARD BOOK NUMBER
Canceled/invalid ISBN 9781107401945 (paperback)
040 ## - CATALOGING SOURCE
Original cataloging agency UkCbUP
Transcribing agency UkCbUP
Description conventions rda
050 00 - LIBRARY OF CONGRESS CALL NUMBER
Classification number DA910
Item number .R36 2012
082 00 - DEWEY DECIMAL CLASSIFICATION NUMBER
Classification number 941.5
Edition number 23
100 1# - MAIN ENTRY--PERSONAL NAME
Personal name Ranelagh, John O'Beirne,
Relator term author.
245 12 - TITLE STATEMENT
Title A Short History of Ireland / [electronic resource]
Statement of responsibility, etc. John O'Beirne Ranelagh.
250 ## - EDITION STATEMENT
Edition statement 3rd ed.
264 #1 - PRODUCTION, PUBLICATION, DISTRIBUTION, MANUFACTURE, AND COPYRIGHT NOTICE
Place of production, publication, distribution, manufacture Cambridge :
Name of producer, publisher, distributor, manufacturer Cambridge University Press,
Date of production, publication, distribution, manufacture, or copyright notice 2012.
300 ## - PHYSICAL DESCRIPTION
Extent 1 online resource (445 pages) :
Other physical details digital, PDF file(s).
336 ## - CONTENT TYPE
Content type term text
Content type code txt
Source rdacontent
337 ## - MEDIA TYPE
Media type term computer
Media type code c
Source rdamedia
338 ## - CARRIER TYPE
Carrier type term online resource
Carrier type code cr
Source rdacarrier
500 ## - GENERAL NOTE
General note Title from publisher's bibliographic system (viewed on 09 Oct 2015).
520 ## - SUMMARY, ETC.
Summary, etc. This third edition of John O'Beirne Ranelagh's classic history of Ireland incorporates contemporary political and economic events as well as the latest archaeological and DNA discoveries. Comprehensively revised and updated throughout, it considers Irish history from the earliest times through the Celts, Cromwell, plantations, famine, Independence, the Omagh bomb, peace initiatives, and financial collapse. It profiles the key players in Irish history from Diarmuid MacMurrough to Gerry Adams and casts new light on the events, North and South, that have shaped Ireland today. Ireland's place in the modern world and its relationship with Britain, the USA and Europe is also examined with a fresh and original eye. Worldwide interest in Ireland continues to increase, but whereas it once focused on violence in Northern Ireland, the tumultuous financial events in the South have opened fresh debates and drawn fresh interest. This is a new history for a new era.
776 08 - ADDITIONAL PHYSICAL FORM ENTRY
Relationship information Print version:
International Standard Book Number 9781107009233
856 40 - ELECTRONIC LOCATION AND ACCESS
Uniform Resource Identifier http://dx.doi.org/10.1017/CBO9780511920745
Public note Cambridge Books Online

No items available.

Last Updated on September 15, 2019
© Dhaka University Library. All Rights Reserved|Staff Login